Guatemala : Third Review Under the Stand-By Arrangement; Staff Report; Staff Statement; Press Release on the Executive Board Discussion; and Statement by the Executive Director for Guatemala.

The Guatemalan economy is recovering faster than anticipated during the previous program review. The economic outlook has improved since the second program review. The fiscal deficit in 2010 will decline somewhat. There was agreement that a comprehensive tax reform remains the key medium-term challe...

Descripció completa

Dades bibliogràfiques
Autor corporatiu: International Monetary Fund
Format: Revista
Idioma:English
Publicat: Washington, D.C. : International Monetary Fund, 2010.
Col·lecció:IMF Staff Country Reports; Country Report ; No. 2010/187
Accés en línia:Full text available on IMF
LEADER 01773cas a2200241 a 4500
001 AALejournalIMF006565
008 230101c9999 xx r poo 0 0eng d
020 |c 5.00 USD 
020 |z 9781455202492 
022 |a 1934-7685 
040 |a BD-DhAAL  |c BD-DhAAL 
110 2 |a International Monetary Fund. 
245 1 0 |a Guatemala :   |b Third Review Under the Stand-By Arrangement; Staff Report; Staff Statement; Press Release on the Executive Board Discussion; and Statement by the Executive Director for Guatemala. 
264 1 |a Washington, D.C. :  |b International Monetary Fund,  |c 2010. 
300 |a 1 online resource (28 pages) 
490 1 |a IMF Staff Country Reports 
500 |a <strong>Off-Campus Access:</strong> No User ID or Password Required 
500 |a <strong>On-Campus Access:</strong> No User ID or Password Required 
506 |a Electronic access restricted to authorized BRAC University faculty, staff and students 
520 3 |a The Guatemalan economy is recovering faster than anticipated during the previous program review. The economic outlook has improved since the second program review. The fiscal deficit in 2010 will decline somewhat. There was agreement that a comprehensive tax reform remains the key medium-term challenge. There was agreement that monetary policy should remain vigilant. There has been progress in advancing financial sector reforms, but key elements of the reform agenda are pending. The near-term outlook has improved since the second program review, and downside risks have declined further. 
538 |a Mode of access: Internet 
830 0 |a IMF Staff Country Reports; Country Report ;  |v No. 2010/187 
856 4 0 |z Full text available on IMF  |u http://elibrary.imf.org/view/journals/002/2010/187/002.2010.issue-187-en.xml  |z IMF e-Library